[Event "Ufa-ch sf1"]
[Site "Ufa"]
[Date "2012.01.28"]
[Round "8"]
[White "Kondaratsev, Denis"]
[Black "Gumerov, Renant"]
[Result "0-1"]
[WhiteElo "2028"]
[BlackElo "2119"]
[PlyCount "136"]
[EventDate "2012.01.21"]
[EventType "swiss"]
[EventRounds "9"]
[EventCountry "RUS"]
[SourceTitle "EXT 2014"]
[Source "ChessBase"]
[SourceDate "2013.11.20"]
[SourceVersion "1"]
[SourceVersionDate "2013.11.20"]
[SourceQuality "1"]

1. e4 e6 2. d4 d5 3. exd5 exd5 4. Nf3 Nc6 5. Bd3 Bg4 6. c3 Bd6 7. 0-0 Nge7 8. Re1 Qd7 9. b4 f6 10. Nbd2 h5 11. h3 Bf5 12. Nb3 b6 13. b5 Nd8 14. Qc2 Bxd3 15. Qxd3 Ne6 16. Nh4 Kf7 17. a4 Rae8 18. Nf5 Nc8 19. Bd2 g6 20. Nh4 Rhg8 21. Qf3 Kg7 22. g4 Ng5 23. Qg2 hxg4 24. hxg4 Ne4 25. f3 Nxd2 26. Nxd2 Rh8 27. Qf2 Bf4 28. Rxe8 Qxe8 29. Re1 Qg8 30. Ng2 Qh7 31. Kf1 Qh3 32. Rd1 Re8 33. Qh4 Qxh4 34. Nxh4 Nd6 35. Kf2 Be3+ 36. Kf1 Bxd2 37. Rxd2 Nc4 38. Re2 Ne3+ 39. Kg1 Kf7 40. Ng2 Nd1 41. Rc2 g5 42. c4 dxc4 43. Rxc4 Re7 44. a5 bxa5 45. Ra4 Nc3 46. Rxa5 Rd7 47. Kf2 Rxd4 48. Rxa7 Nxb5 49. Rb7 Rd5 50. Ne3 Rc5 51. Nf5 Ke8 52. Rb8+ Kd7 53. Rf8 Rc6 54. Rf7+ Ke8 55. Re7+ Kd8 56. Rf7 Rb6 57. Ke2 Re6+ 58. Kd3 Kc8 59. Ng7 Rd6+ 60. Ke4 Rd4+ 61. Ke3 Rd6 62. Ke4 c5 63. Nh5 Nc3+ 64. Ke3 c4 65. Ng3 Rd3+ 66. Kf2 Nd5 67. Ne4 c3 68. Ra7 c2 0-1

[Event "Ufa-ch sf1"]
[Site "Ufa"]
[Date "2012.01.27"]
[Round "7"]
[White "Gumerov, Renant"]
[Black "Timofeev, Sergey2222"]
[Result "1-0"]
[WhiteElo "2119"]
[BlackElo "1835"]
[PlyCount "75"]
[EventDate "2012.01.21"]
[EventType "swiss"]
[EventRounds "9"]
[EventCountry "RUS"]
[SourceTitle "EXT 2014"]
[Source "ChessBase"]
[SourceDate "2013.11.20"]
[SourceVersion "1"]
[SourceVersionDate "2013.11.20"]
[SourceQuality "1"]

1. d4 d5 2. c4 e6 3. Nc3 Nf6 4. cxd5 exd5 5. Bg5 c6 6. Qc2 h6 7. Bh4 Be7 8. e3 Ne4 9. Bxe7 Qxe7 10. Nxd5 cxd5 11. Qxc8+ Qd8 12. Qxd8+ Kxd8 13. f3 Nd6 14. Bd3 Nc6 15. Kd2 Nb4 16. Nh3 Nxd3 17. Kxd3 g5 18. Rac1 Rc8 19. Rxc8+ Kxc8 20. Rc1+ Kd7 21. Rc5 Ke6 22. e4 dxe4+ 23. fxe4 Kd7 24. Nf2 b6 25. Rd5 Ke6 26. Re5+ Kd7 27. Ng4 Ne8 28. Ne3 f6 29. Rd5+ Kc7 30. Rf5 Kd6 31. a4 Ke6 32. Nc4 Nc7 33. b4 Rf8 34. Na3 Ke7 35. g3 Ke6 36. d5+ Ke7 37. e5 fxe5 38. d6+ 1-0

[Event "Ufa Kopylov Memorial op 8th"]
[Site "Ufa"]
[Date "2011.12.24"]
[Round "8"]
[White "Gumerov, Renant"]
[Black "Grigorieva, Yulia"]
[Result "1-0"]
[WhiteElo "2212"]
[BlackElo "1762"]
[PlyCount "65"]
[EventDate "2011.12.17"]
[EventType "swiss"]
[EventRounds "9"]
[EventCountry "RUS"]
[SourceTitle "CBM 146 Extra"]
[Source "ChessBase"]
[SourceDate "2012.02.29"]
[SourceVersion "1"]
[SourceVersionDate "2012.02.29"]
[SourceQuality "1"]

1. d4 d5 2. c4 c6 3. Nc3 Nf6 4. Bg5 e6 5. cxd5 exd5 6. Qc2 Be7 7. e3 Nbd7 8. Bd3 h6 9. Bh4 0-0 10. f3 Re8 11. Nge2 Nf8 12. Bf2 Bd7 13. g4 c5 14. h4 Bxg4 15. fxg4 Nxg4 16. Rh3 Nxf2 17. Kxf2 Bxh4+ 18. Kg2 Qg5+ 19. Kh1 Rxe3 20. Rxe3 Qxe3 21. Ng1 cxd4 22. Nxd5 Qe5 23. Qg2 Rd8 24. Nb4 Bg5 25. Nf3 Qf6 26. Rf1 Qb6 27. Nxg5 hxg5 28. Nd5 Qc5 29. Be4 Ne6 30. Qf3 f6 31. Qf5 Qd6 32. Qh7+ Kf7 33. Rxf6+ 1-0

[Event "Ufa Kopylov Memorial op 8th"]
[Site "Ufa"]
[Date "2011.12.17"]
[Round "1"]
[White "Ishkinin, Robert"]
[Black "Gumerov, Renant"]
[Result "0-1"]
[WhiteElo "1677"]
[BlackElo "2212"]
[PlyCount "68"]
[EventDate "2011.12.17"]
[EventType "swiss"]
[EventRounds "9"]
[EventCountry "RUS"]
[SourceTitle "CBM 146 Extra"]
[Source "ChessBase"]
[SourceDate "2012.02.29"]
[SourceVersion "1"]
[SourceVersionDate "2012.02.29"]
[SourceQuality "1"]

1. e4 e6 2. d4 d5 3. e5 Qd7 4. Nd2 Nc6 5. Ngf3 f5 6. Nb3 h6 7. h4 g6 8. Be3 b6 9. c3 Bb7 10. Qc2 Qf7 11. Bd3 Nge7 12. 0-0-0 a5 13. g3 a4 14. Nbd2 Ra5 15. Kb1 Nc8 16. Bf4 N8a7 17. b4 axb3 18. Nxb3 Ra4 19. Nc5 bxc5 20. Qxa4 c4 21. Be2 Nc8 22. Qc2 Nb6 23. Bc1 Qd7 24. Rhg1 Na5 25. g4 Bc6 26. Rde1 Ba4 27. Qb2 Qf7 28. gxf5 Qxf5+ 29. Ka1 Be7 30. Qb1 Bc2 31. Qb5+ Kf7 32. Qxa5 Ra8 33. Qxa8 Nxa8 34. Bxh6 Ke8 0-1

[Event "Ufa-ch Higher league"]
[Site "Ufa"]
[Date "2011.11.26"]
[Round "7.1"]
[White "Kalegin, Evgenij"]
[Black "Gumerov, Renant"]
[Result "1-0"]
[WhiteElo "2448"]
[BlackElo "2116"]
[PlyCount "93"]
[EventDate "2011.11.20"]
[EventType "tourn"]
[EventRounds "9"]
[EventCountry "RUS"]
[SourceTitle "EXT 2022"]
[Source "ChessBase"]
[SourceDate "2021.10.06"]
[SourceVersion "1"]
[SourceVersionDate "2021.10.06"]
[SourceQuality "1"]

1. e4 e6 2. d4 d5 3. Nc3 Nc6 4. Nf3 Nf6 5. e5 Ne4 6. a3 Nxc3 7. bxc3 Na5 8. h4 Bd7 9. a4 Bc6 10. Bd3 Qd7 11. Ng5 h5 12. Qf3 Nc4 13. Rh3 Qe7 14. Rg3 f5 15. Nxe6 Qxe6 16. Bxf5 Nxe5 17. Bxe6 Nxf3+ 18. Rxf3 Be7 19. g3 Rd8 20. Bf4 Bd7 21. Bxd7+ Rxd7 22. Be5 Bd6 23. Kd2 Rf8 24. Rxf8+ Kxf8 25. Re1 Kf7 26. Kd3 Be7 27. c4 c6 28. cxd5 Rxd5 29. Kc4 Ra5 30. Kb3 b5 31. Ra1 g6 32. Bc7 bxa4+ 33. Rxa4 Rb5+ 34. Kc4 Rb7 35. Be5 Ke6 36. Ra6 Kd7 37. d5 Rb4+ 38. Kc3 cxd5 39. Rxa7+ Kd8 40. Ra6 Re4 41. Bf6 Bxf6+ 42. Rxf6 Rg4 43. Rd6+ Ke7 44. Rxd5 Kf6 45. Rd4 Kf5 46. Rxg4 Kxg4 47. Kd2 1-0

[Event "Ufa-ch Higher league"]
[Site "Ufa"]
[Date "2011.11.20"]
[Round "1.1"]
[White "Imashev, Ildar"]
[Black "Gumerov, Renant"]
[Result "1-0"]
[WhiteElo "2283"]
[BlackElo "2212"]
[PlyCount "113"]
[EventDate "2011.11.20"]
[EventType "tourn"]
[EventRounds "9"]
[EventCountry "RUS"]
[SourceTitle "EXT 2022"]
[Source "ChessBase"]
[SourceDate "2021.10.06"]
[SourceVersion "1"]
[SourceVersionDate "2021.10.06"]
[SourceQuality "1"]

1. e4 e6 2. d4 d5 3. e5 Nc6 4. c3 Qd7 5. Ne2 b6 6. Nf4 Bb7 7. Be2 Nge7 8. Nh5 0-0-0 9. 0-0 Kb8 10. Bd3 Nc8 11. Nd2 Qe7 12. Nf3 h6 13. Re1 Qe8 14. Qc2 Na5 15. b3 c5 16. Bd2 c4 17. Be2 b5 18. Bd1 Nb6 19. Qb1 Rc8 20. Bc2 Bc6 21. h3 Kc7 22. g4 Rb8 23. Nh2 Qe7 24. b4 Nb7 25. f4 a6 26. Nf3 Be8 27. f5 Qd7 28. Rf1 Nd8 29. Qc1 Kb7 30. f6 g5 31. h4 gxh4 32. Ng7 Nc6 33. Bxh6 Qc7 34. Kf2 Bd7 35. Rh1 Ra8 36. Rxh4 a5 37. a3 axb4 38. axb4 Bxb4 39. cxb4 Nxb4 40. Rxa8 Rxa8 41. Bh7 c3 42. Kg3 Na2 43. Qb1 b4 44. Rh2 Bb5 45. Rxa2 Rxa2 46. Qxa2 Bc4 47. Qa5 c2 48. Qxb4 Be2 49. Bc1 Bd1 50. Ne8 Qc6 51. Nd6+ Ka7 52. Bd3 Nc4 53. Bxc4 dxc4 54. d5 Qxd5 55. Be3+ Ka8 56. Qa3+ Kb8 57. Qa7# 1-0

[Event "Ufa Siamidi Memorial"]
[Site "Ufa"]
[Date "2011.10.21"]
[Round "6.8"]
[White "Kolev, Valentin"]
[Black "Gumerov, Renant"]
[Result "0-1"]
[WhiteElo "1921"]
[BlackElo "2102"]
[PlyCount "146"]
[EventDate "2011.10.16"]
[EventType "swiss"]
[EventRounds "9"]
[EventCountry "RUS"]
[SourceTitle "EXT 2012"]
[Source "ChessBase"]
[SourceDate "2011.11.24"]
[SourceVersion "1"]
[SourceVersionDate "2011.11.24"]
[SourceQuality "1"]

1. Nf3 c6 2. g3 Qa5 3. Bg2 g5 4. h4 g4 5. Nd4 Bg7 6. Nb3 Qc7 7. d4 d6 8. e4 h5 9. c3 Nd7 10. Be3 Nf8 11. N1d2 Ng6 12. Qc2 Nf6 13. Nc1 e5 14. Nd3 Be6 15. dxe5 dxe5 16. Nc5 Bc8 17. Bf1 b6 18. Ncb3 Be6 19. Bc4 Nf8 20. a4 N6d7 21. Rd1 Bf6 22. Bxe6 Nxe6 23. Nc4 Be7 24. Qd2 c5 25. Nd6+ Bxd6 26. Qxd6 Qxd6 27. Rxd6 Ke7 28. Rd5 c4 29. Nc1 f6 30. Ke2 Ndc5 31. a5 Rhd8 32. Rhd1 Rd7 33. axb6 axb6 34. Rxd7+ Nxd7 35. b4 Nc7 36. Rd2 Nb5 37. Rc2 Ke6 38. Bd2 Nd6 39. Ke3 Rf8 40. Ra2 f5 41. exf5+ Rxf5 42. Ra3 Nf6 43. Na2 Nfe4 44. Be1 Kd5 45. Ra8 Kc6 46. Ke2 Kb7 47. Rh8 Kc6 48. Ra8 Kb5 49. Ra7 Rf8 50. Ra3 Kc6 51. Ke3 Rf3+ 52. Ke2 Nb5 53. Ra8 Nbxc3+ 54. Nxc3 Nxc3+ 55. Bxc3 Rxc3 56. Rh8 Kd5 57. Rxh5 Ke4 58. Kd2 Rf3 59. Rg5 Rxf2+ 60. Kc3 Rf3+ 61. Kxc4 Rxg3 62. h5 Kf4 63. Rg6 Rh3 64. h6 Kf3 65. Rxb6 g3 66. Rb8 Rxh6 67. Rf8+ Rf6 68. Rg8 Rg6 69. Rf8+ Ke4 70. Rf1 g2 71. Rg1 Kf3 72. Kd5 e4 73. Kd4 e3 0-1

[Event "RUS-ch Seniors"]
[Site "Odintsovo"]
[Date "2011.04.25"]
[Round "7"]
[White "Kuznetsov, Boris"]
[Black "Gumerov, Renant"]
[Result "0-1"]
[WhiteElo "2049"]
[BlackElo "2163"]
[PlyCount "82"]
[EventDate "2011.04.19"]
[EventType "swiss"]
[EventRounds "9"]
[EventCountry "RUS"]
[SourceTitle "CBM 142 Extra"]
[Source "ChessBase"]
[SourceDate "2011.06.27"]
[SourceVersion "1"]
[SourceVersionDate "2011.06.27"]
[SourceQuality "1"]

1. e4 e6 2. d4 d5 3. Nd2 Nc6 4. c3 Nf6 5. e5 Ng8 6. Bd3 Qd7 7. Ne2 b6 8. Ng3 Bb7 9. 0-0 0-0-0 10. b4 f5 11. Nb3 h5 12. Bg5 Be7 13. Qd2 h4 14. Ne2 Rh5 15. Bxe7 Ngxe7 16. f4 Rg8 17. a4 Kb8 18. a5 Nc8 19. axb6 cxb6 20. b5 Nd8 21. Kf2 g5 22. Rg1 Qg7 23. Raf1 Nf7 24. Ke1 Rh6 25. Na1 Qf8 26. Nc2 Qe8 27. Nb4 Rh7 28. Na6+ Bxa6 29. bxa6 gxf4 30. Nxf4 Ng5 31. Qb2 Rc7 32. Bb5 Qf7 33. Bd3 Ne7 34. Kd2 Nc6 35. Rb1 Na5 36. Qb4 Nc4+ 37. Ke2 Ne4 38. Bxe4 fxe4 39. Rbf1 Qf5 40. h3 Rg3 41. Rf2 e3 0-1

[Event "RUS-ch Seniors"]
[Site "Odintsovo"]
[Date "2011.04.20"]
[Round "2"]
[White "Gumerov, Renant"]
[Black "Vorobiov, Nikolai"]
[Result "1-0"]
[WhiteElo "2163"]
[BlackElo "2023"]
[PlyCount "97"]
[EventDate "2011.04.19"]
[EventType "swiss"]
[EventRounds "9"]
[EventCountry "RUS"]
[SourceTitle "CBM 142 Extra"]
[Source "ChessBase"]
[SourceDate "2011.06.27"]
[SourceVersion "1"]
[SourceVersionDate "2011.06.27"]
[SourceQuality "1"]

1. d4 d5 2. c4 c6 3. Nc3 Nf6 4. Bg5 e6 5. cxd5 exd5 6. Qc2 Be7 7. e3 Nbd7 8. Bd3 0-0 9. Nf3 Re8 10. 0-0-0 Nf8 11. Rdg1 Ne4 12. Bxe7 Qxe7 13. Bxe4 dxe4 14. Nd2 f5 15. h3 b5 16. g4 b4 17. Na4 Be6 18. Nc5 Bd5 19. gxf5 Nd7 20. Nxd7 Qxd7 21. Nc4 Rf8 22. Rg5 Rxf5 23. Ne5 Qc8 24. h4 Rxg5 25. hxg5 Qe6 26. f4 Rc8 27. Qh2 Qf5 28. Qc2 Rc7 29. Qc5 Qf8 30. Qxf8+ Kxf8 31. Rxh7 Bxa2 32. Kd2 Bg8 33. Rh1 Ke7 34. Rh8 Kf8 35. f5 a5 36. Ng6+ Kf7 37. Nf4 Rc8 38. b3 Ke7 39. Ng6+ Kd7 40. Kc2 Kd6 41. Kb2 Ra8 42. f6 gxf6 43. gxf6 Ke6 44. Ne7 Kf7 45. Rh6 Rd8 46. Nxc6 Rd5 47. Ne5+ Kf8 48. Rh8 Rd8 49. f7 1-0

[Event "Ufa Kopylov Memorial op-B 7th"]
[Site "Ufa"]
[Date "2010.12.28"]
[Round "9"]
[White "Churaev, Raif"]
[Black "Gumerov, Renant"]
[Result "1/2-1/2"]
[WhiteElo "2096"]
[BlackElo "2173"]
[PlyCount "106"]
[EventDate "2010.12.21"]
[EventType "swiss"]
[EventRounds "9"]
[EventCountry "RUS"]
[SourceTitle "EXT 2012"]
[Source "ChessBase"]
[SourceDate "2011.11.24"]
[SourceVersion "1"]
[SourceVersionDate "2011.11.24"]
[SourceQuality "1"]

1. d4 d5 2. g3 e6 3. Bg2 f5 4. c4 c6 5. Nh3 Nd7 6. Qc2 Bd6 7. cxd5 cxd5 8. 0-0 Qf6 9. Bf4 Bxf4 10. Nxf4 g5 11. Nh3 Nb6 12. Nc3 Bd7 13. Qd3 Ne7 14. f3 Nc6 15. Nb5 0-0 16. e4 Nb4 17. Qe2 Bxb5 18. Qxb5 Qxd4+ 19. Kh1 Qc4 20. Qxc4 Nxc4 21. Nxg5 Rae8 22. exd5 exd5 23. b3 Ne3 24. Rf2 Nxg2 25. Kxg2 Rf6 26. Nh3 a5 27. Rd1 Rd6 28. Nf4 d4 29. Rfd2 Nc6 30. Kf2 Red8 31. Re1 Kf7 32. Nd3 Kf6 33. Rc1 R8d7 34. Rc5 Re7 35. Nf4 Re5 36. Rc4 Rb5 37. Nd3 Ne7 38. Nf4 Nc6 39. Nd3 h6 40. Re2 Re6 41. Rxe6+ Kxe6 42. Rc5 Rb6 43. Nf4+ Kd7 44. Nd3 a4 45. Rxf5 axb3 46. Nc5+ Ke8 47. axb3 Rb5 48. g4 b6 49. Nd3 Rxb3 50. Ke2 Ra3 51. Rb5 Ra2+ 52. Rb2 Rxb2+ 53. Nxb2 Ke7 1/2-1/2

[Event "Ufa Kopylov Memorial op-B 7th"]
[Site "Ufa"]
[Date "2010.12.26"]
[Round "6"]
[White "Abelguzin, Dinar"]
[Black "Gumerov, Renant"]
[Result "0-1"]
[WhiteElo "1929"]
[BlackElo "2173"]
[PlyCount "84"]
[EventDate "2010.12.21"]
[EventType "swiss"]
[EventRounds "9"]
[EventCountry "RUS"]
[SourceTitle "EXT 2012"]
[Source "ChessBase"]
[SourceDate "2011.11.24"]
[SourceVersion "1"]
[SourceVersionDate "2011.11.24"]
[SourceQuality "1"]

1. e4 d5 2. exd5 Qxd5 3. Nc3 Qd8 4. d4 g6 5. Bb5+ c6 6. Be2 Bg7 7. Nf3 Nh6 8. Bxh6 Bxh6 9. d5 0-0 10. dxc6 Nxc6 11. 0-0 Bf5 12. Nh4 Be6 13. Ne4 Qb6 14. b3 Rfd8 15. Bd3 Ne5 16. h3 Rac8 17. Qe2 Nxd3 18. cxd3 Rc7 19. Nf3 Rdc8 20. Ned2 Rc2 21. Qd1 Qa6 22. Nc4 Rxa2 23. Qb1 Rxa1 24. Qxa1 Qxa1 25. Rxa1 a6 26. Rb1 Rd8 27. Rd1 Bg7 28. Ng5 Bd5 29. Re1 h6 30. Ne4 f5 31. Nc5 e6 32. Nxe6 Re8 33. Nd6 Rxe6 34. Rxe6 Bxe6 35. Nxb7 Bf8 36. Na5 Bc5 37. Kf1 g5 38. Ke2 h5 39. Nc4 h4 40. Nd2 g4 41. f3 gxh3 42. gxh3 Bb4 0-1

[Event "Ufa op"]
[Site "Ufa"]
[Date "2010.11.27"]
[Round "8"]
[White "Gumerov, Renant"]
[Black "Pudjakov, Jaroslav"]
[Result "1-0"]
[WhiteElo "2203"]
[BlackElo "1757"]
[PlyCount "86"]
[EventDate "2010.11.20"]
[EventType "swiss"]
[EventRounds "9"]
[EventCountry "RUS"]
[SourceTitle "CBM 139 Extra"]
[Source "ChessBase"]
[SourceDate "2011.01.05"]
[SourceVersion "1"]
[SourceVersionDate "2011.01.05"]
[SourceQuality "1"]

1. d4 d5 2. c4 c6 3. Nc3 e6 4. cxd5 exd5 5. Qc2 Nf6 6. Bg5 Be7 7. e3 h6 8. Bh4 Na6 9. f3 Bd7 10. a3 b5 11. Bd3 Qa5 12. Qd2 Rb8 13. Nge2 0-0 14. Bf2 c5 15. g4 c4 16. Bb1 Rfc8 17. h4 b4 18. Nd1 Ne8 19. Kf1 Rc6 20. Kg2 Rbc8 21. Qc2 Kf8 22. Qh7 Bd6 23. g5 h5 24. Nf4 Bxf4 25. exf4 c3 26. bxc3 bxc3 27. Bc2 Nb4 28. Ne3 Nxc2 29. Nxc2 Rg6 30. Rhe1 Nf6 31. Qh8+ Ng8 32. Ne3 Rcc6 33. Rab1 Qd8 34. f5 Rh6 35. gxh6 Rxh6 36. Qxh6 Nxh6 37. Bg3 Bc8 38. Rb8 g6 39. Rc1 Nxf5 40. Rxc3 Qa5 41. Rcxc8+ Ke7 42. Rb7+ Kf6 43. Be5+ Ke6 1-0

[Event "Ufa Siamidi Memorial op"]
[Site "Ufa"]
[Date "2010.10.25"]
[Round "8"]
[White "Gumerov, Renant"]
[Black "Darmin, Dmitry"]
[Result "1/2-1/2"]
[WhiteElo "2203"]
[BlackElo "2371"]
[PlyCount "112"]
[EventDate "2010.10.18"]
[EventType "swiss"]
[EventRounds "9"]
[EventCountry "RUS"]
[SourceTitle "EXT 2011"]
[Source "ChessBase"]
[SourceDate "2010.11.26"]
[SourceVersion "1"]
[SourceVersionDate "2010.11.26"]
[SourceQuality "1"]

1. d4 d5 2. Bg5 g6 3. e3 Bg7 4. Bd3 Nf6 5. Nd2 Nbd7 6. f4 c5 7. c3 Qb6 8. Rb1 cxd4 9. exd4 Qe6+ 10. Qe2 Qxe2+ 11. Nxe2 0-0 12. h3 Re8 13. g4 Nf8 14. Ng3 Ne6 15. Bxf6 Bxf6 16. 0-0 Bd7 17. g5 Nxf4 18. gxf6 Nxd3 19. Rf3 Bb5 20. b3 Ba6 21. b4 Bb5 22. a4 Bxa4 23. Rxd3 Bc2 24. Rf3 Bxb1 25. Nxb1 exf6 26. Kf2 f5 27. Nf1 f6 28. Ne3 Rad8 29. Na3 a6 30. Ke2 Re4 31. Kd3 Kf7 32. Nb1 f4 33. Nc2 g5 34. Nd2 f5 35. Rf1 Re7 36. Nf3 Kf6 37. Ne5 Rc8 38. Na3 Rec7 39. Rc1 h5 40. b5 g4 41. b6 Rg7 42. c4 gxh3 43. Kc3 Rg3+ 44. Kb4 dxc4 45. Naxc4 h2 46. Rh1 Rh3 47. Nd7+ Kg5 48. Nc5 f3 49. Nxb7 f2 50. Nbd6 Rb8 51. Kc5 Rg3 52. Nd2 Rg1 53. Rxh2 f1Q 54. Nxf1 Rxf1 55. b7 h4 56. Kb6 Rd1 1/2-1/2

[Event "Ufa Siamidi Memorial op"]
[Site "Ufa"]
[Date "2010.10.21"]
[Round "4"]
[White "Penzin, Vladimir"]
[Black "Gumerov, Renant"]
[Result "0-1"]
[WhiteElo "2027"]
[BlackElo "2203"]
[PlyCount "106"]
[EventDate "2010.10.18"]
[EventType "swiss"]
[EventRounds "9"]
[EventCountry "RUS"]
[SourceTitle "EXT 2011"]
[Source "ChessBase"]
[SourceDate "2010.11.26"]
[SourceVersion "1"]
[SourceVersionDate "2010.11.26"]
[SourceQuality "1"]

1. e4 e6 2. d4 d5 3. e5 Nc6 4. Nf3 Bd7 5. c3 Qe7 6. Bd3 f6 7. Qe2 Qf7 8. Na3 0-0-0 9. b4 Nge7 10. Nc2 f5 11. a4 h6 12. h4 g6 13. a5 Nb8 14. b5 Rg8 15. Nb4 f4 16. b6 cxb6 17. a6 Kc7 18. axb7 a5 19. Nc2 Kxb7 20. Na3 Nf5 21. c4 Bxa3 22. Rxa3 dxc4 23. Bxc4 Bc6 24. Bb2 g5 25. hxg5 hxg5 26. Kf1 g4 27. Ne1 Nxd4 28. Bxd4 Rxd4 29. Qa2 Bd5 30. Bxd5+ Rxd5 31. Qb2 g3 32. Rf3 gxf2 33. Qxf2 Rxe5 34. Rxf4 Rf5 35. Rhh4 Rgg5 36. Qe3 Ka7 37. Nf3 Rh5 38. Rxh5 Qxh5 39. Re4 e5 40. Rxe5 Rxe5 41. Nxe5 Qf5+ 42. Kg1 Qe6 43. Qe4 b5 44. g4 a4 45. g5 a3 46. Kh2 a2 47. Qd4+ Kb7 48. Qb2 Kc7 49. Kg3 Qd6 50. Kh4 b4 51. Kg4 Qd1+ 52. Nf3 a1Q 53. Qxb4 Qaa4 0-1

[Event "Sterlitamak op"]
[Site "Sterlitamak"]
[Date "2010.06.28"]
[Round "5"]
[White "Gumerov, Renant"]
[Black "Makeeva, Tatyana"]
[Result "0-1"]
[WhiteElo "2184"]
[BlackElo "1975"]
[PlyCount "110"]
[EventDate "2010.06.24"]
[EventType "swiss"]
[EventRounds "9"]
[EventCountry "RUS"]
[SourceTitle "CBM 137 Extra"]
[Source "ChessBase"]
[SourceDate "2010.09.01"]
[SourceVersion "1"]
[SourceVersionDate "2010.09.01"]
[SourceQuality "1"]

1. d4 g6 2. e4 Bg7 3. c4 d6 4. f4 e5 5. dxe5 dxe5 6. Qxd8+ Kxd8 7. Nf3 Nc6 8. Nc3 Bg4 9. Ng5 Nh6 10. h3 Bd7 11. g4 Nd4 12. Kf2 c6 13. f5 Ke8 14. Bd3 Ng8 15. Be3 Rd8 16. Rad1 h5 17. Be2 Nf6 18. Bf3 Bh6 19. Rdg1 Bc8 20. Bd1 Nd7 21. fxg6 fxg6 22. gxh5 Nc5 23. hxg6 Nd3+ 24. Kg3 Rg8 25. Bh5 Nf4 26. Bxf4 exf4+ 27. Kf2 Bg7 28. Nf7 Rd7 29. Bg4 Rxf7 30. gxf7+ Kxf7 31. Bxc8 Rxc8 32. Rg4 f3 33. Ke3 Rd8 34. Rxg7+ Kxg7 35. c5 Kf6 36. Rg1 Ke5 37. Rg5+ Kf6 38. h4 Rd7 39. e5+ Ke6 40. Ne4 Nf5+ 41. Kxf3 Nxh4+ 42. Kf4 Rd4 43. Rg8 Rb4 44. b3 Kd5 45. Rd8+ Ke6 46. Rd6+ Ke7 47. e6 a5 48. a3 Ng6+ 49. Ke3 Rxb3+ 50. Kd2 Rxa3 51. Ng5 Nf8 52. Kc2 Rg3 53. Ne4 Rg4 54. Nc3 Nxe6 55. Rd2 Nxc5 0-1

[Event "Ufa Dautov Memorial op"]
[Site "Ufa"]
[Date "2010.04.11"]
[Round "9"]
[White "Gumerov, Renant"]
[Black "Vyrypaev, Evgeny"]
[Result "1-0"]
[WhiteElo "2207"]
[BlackElo "2053"]
[PlyCount "93"]
[EventDate "2010.04.03"]
[EventType "swiss"]
[EventRounds "9"]
[EventCountry "RUS"]
[SourceTitle "CBM 135 Extra"]
[Source "ChessBase"]
[SourceDate "2010.05.04"]
[SourceVersion "1"]
[SourceVersionDate "2010.05.04"]
[SourceQuality "1"]

1. d4 c6 2. c4 d5 3. Nc3 Nf6 4. Bg5 a6 5. Bxf6 gxf6 6. e3 b5 7. cxd5 cxd5 8. g3 e6 9. a3 f5 10. Bd3 h5 11. h4 Nd7 12. Nh3 Nf6 13. Rc1 Bd6 14. Ne2 Bd7 15. Nef4 Rc8 16. Rxc8 Qxc8 17. Be2 Ng4 18. Qd2 Ke7 19. 0-0 Qd8 20. b4 Qg8 21. Kg2 Nf6 22. Rc1 Qh7 23. Qd1 Ng4 24. Bf3 Rd8 25. Rc3 Qh8 26. Qc2 Nf6 27. Qd1 Ng4 28. Rc2 Qh7 29. Nd3 Qh6 30. Nhf4 Rg8 31. Qc1 Qh8 32. Qd2 Rd8 33. Nc5 Bc8 34. Ra2 Bxc5 35. bxc5 Bb7 36. Qb4 Bc6 37. Qa5 Kd7 38. Nd3 Rc8 39. Bxg4 hxg4 40. Ne5+ Ke7 41. Qxa6 Qe8 42. Rb2 Kf6 43. Nxc6 Rxc6 44. Qxb5 Qa8 45. Rc2 Ra6 46. c6 Rxa3 47. c7 1-0